Online katalóg knižníc regiónu Turca

Na slovenský národ (Record no. 21145)

MARC details
000 -LEADER
fixed length control field 02504cam a2200649 a 4500
001 - CONTROL NUMBER
control field 21145
003 - CONTROL NUMBER IDENTIFIER
control field VRT
005 - DATE AND TIME OF LATEST TRANSACTION
control field 20260217154904.0
008 - FIXED-LENGTH DATA ELEMENTS--GENERAL INFORMATION
fixed length control field 240226s1957 xo g 000 p slo
015 ## - NATIONAL BIBLIOGRAPHY NUMBER
National bibliography number SNBA1957/09-01332
020 ## - INTERNATIONAL STANDARD BOOK NUMBER
Qualifying information viazané
035 ## - SYSTEM CONTROL NUMBER
System control number SNK000281996
035 ## - SYSTEM CONTROL NUMBER
System control number urn:nbn:sk:snk-am3idso
035 ## - SYSTEM CONTROL NUMBER
System control number urn:nbn:sk:snk-am00e68p
035 ## - SYSTEM CONTROL NUMBER
System control number FD4124F1-A0DB-444C-835F-4485D4E9CD3C
039 #9 - LEVEL OF BIBLIOGRAPHIC CONTROL AND CODING DETAIL [OBSOLETE]
Level of rules in bibliographic description 202402261842
Level of effort used to assign nonsubject heading access points VLOAD
Level of effort used to assign subject headings 202304031946
Level of effort used to assign classification VLOAD
Level of effort used to assign subject headings 202212050946
Level of effort used to assign classification VLOAD
Level of effort used to assign subject headings 202205110845
Level of effort used to assign classification VLOAD
040 ## - CATALOGING SOURCE
Original cataloging agency SNK
Language of cataloging slo
Transcribing agency SNK
Description conventions AACR2
041 0# - LANGUAGE CODE
Language code of text/sound track or separate title slo
044 ## - COUNTRY OF PUBLISHING/PRODUCING ENTITY CODE
MARC country code xo
ISO country code SK
080 ## - UNIVERSAL DECIMAL CLASSIFICATION NUMBER
Universal Decimal Classification number 821.162.4-1
Edition identifier 2011
100 1# - MAIN ENTRY--PERSONAL NAME
Personal name Hollý, Ján,
Dates associated with a name 1785-1849
Relationship aut
245 10 - TITLE STATEMENT
Title Na slovenský národ
Remainder of title (Selanky, Rozličné básne, Žalospevy a Pesne)
Statement of responsibility, etc. Ján Hollý ; [úprava textu, poznámky, vysvetlivky a slovník Jozef Ambruš ; úvod Karol Rosenbaum]
250 ## - EDITION STATEMENT
Edition statement 1. vyd., v tejto edícii
260 ## - PUBLICATION, DISTRIBUTION, ETC.
Place of publication, distribution, etc. Bratislava
Name of publisher, distributor, etc. Slovenské vydavateľstvo krásnej literatúry
Date of publication, distribution, etc. 1957
300 ## - PHYSICAL DESCRIPTION
Extent 280 s.
Dimensions
366 ## - TRADE AVAILABILITY INFORMATION
Note 25400 výtl.
490 1# - SERIES STATEMENT
Series statement Hviezdoslavova knižnica
Volume/sequential designation zv. 38
500 ## - GENERAL NOTE
General note Vydala Hviezdoslavova spoločnosť v Slovenskom vydavateľstve krásnej literatúry
504 ## - BIBLIOGRAPHY, ETC. NOTE
Bibliography, etc. note Edičná poznámka; vysvetlivky; slovník
655 #7 - INDEX TERM--GENRE/FORM
Genre/form data or focus term slovenská poézia
Source of term SNKPH
655 #7 - INDEX TERM--GENRE/FORM
Genre/form data or focus term výbery
Source of term SNKPH
700 1# - ADDED ENTRY--PERSONAL NAME
Personal name Rosenbaum, Karol,
Dates associated with a name 1920-2001
Relationship aui
700 1# - ADDED ENTRY--PERSONAL NAME
Personal name Ambruš, Jozef,
Dates associated with a name 1914-1993
Relationship adp
700 1# - ADDED ENTRY--PERSONAL NAME
Personal name Ambrušová, Edita,
Dates associated with a name 1920-2015
Relationship ill
710 2# - ADDED ENTRY--CORPORATE NAME
Corporate name or jurisdiction name as entry element Hviezdoslavova spoločnosť
Relationship com
-- pbl
740 02 - ADDED ENTRY--UNCONTROLLED RELATED/ANALYTICAL TITLE
Uncontrolled related/analytical title Selanky
740 02 - ADDED ENTRY--UNCONTROLLED RELATED/ANALYTICAL TITLE
Uncontrolled related/analytical title Rozličné básne
740 02 - ADDED ENTRY--UNCONTROLLED RELATED/ANALYTICAL TITLE
Uncontrolled related/analytical title Žalospevy
740 02 - ADDED ENTRY--UNCONTROLLED RELATED/ANALYTICAL TITLE
Uncontrolled related/analytical title Pesne
830 #0 - SERIES ADDED ENTRY--UNIFORM TITLE
Uniform title Hviezdoslavova knižnica
910 ## - USER-OPTION DATA (OCLC)
User-option data snk
942 ## - ADDED ENTRY ELEMENTS (KOHA)
Source of classification or shelving scheme Dewey Decimal Classification
Koha item type Krásna literatúra pre dospelých
Suppress in OPAC No
949 ## - LOCAL PROCESSING INFORMATION (OCLC)
6 3869A05133
a bpksh885.4-82
b bpksh46690
949 ## - LOCAL PROCESSING INFORMATION (OCLC)
6 3869A05134
a bpksh885.4-82
b bpksh20242
949 ## - LOCAL PROCESSING INFORMATION (OCLC)
6 273K0340219
a svkpoA 23788
b svkpo57034
949 ## - LOCAL PROCESSING INFORMATION (OCLC)
6 2889020949
a savukA 25625
949 ## - LOCAL PROCESSING INFORMATION (OCLC)
6 273K0253010
a svkpoA 150180
b svkpo367694
949 ## - LOCAL PROCESSING INFORMATION (OCLC)
6 3830001011716
a kurukT18/HOLL1-4
b kuruk2007/F1293
949 ## - LOCAL PROCESSING INFORMATION (OCLC)
6 3830001009796
a kurukSK-3927
949 ## - LOCAL PROCESSING INFORMATION (OCLC)
6 273K0193703
a svkpoA 163327
b svkpo403256
949 ## - LOCAL PROCESSING INFORMATION (OCLC)
6 17A0136787
a snkSD 6564/38 D1
b snkKSP 2360/57
949 ## - LOCAL PROCESSING INFORMATION (OCLC)
6 3830001013635
a kurukT18/HOLL1-4
b kuruk2007/F462
949 ## - LOCAL PROCESSING INFORMATION (OCLC)
6 273K0345572
a svkpoA 21847
b svkpo51612
r Poškodená väzba
949 ## - LOCAL PROCESSING INFORMATION (OCLC)
6 17A0912491
a snkSD 6564/38
b snkKSP 2359/57
s 6100:20190328
949 ## - LOCAL PROCESSING INFORMATION (OCLC)
6 270001000525523
a svkbbS 16781
b svkbbm 40507
Holdings
Stav vyradenia Strata Poškodenie Spôsob nadobudnutia Domovská knižnica Aktuálna knižnica Dátum nadobudnutia Total checkouts Čiarový kód exemplára Date last seen Typ exemplára
      Dar Obecná knižnica Horná Štubňa Obecná knižnica Horná Štubňa 17.02.2026   4736201364 17.02.2026 Krásna literatúra pre dospelých
Projekt je podporený Slovenskou asociáciou knižníc
Prevádzkuje Turčianska knižnica Martin 2026